Television optics : (Record no. 37775)
[ view plain ]
| 000 -LEADER | |
|---|---|
| fixed length control field | 00756nam a2200265 a 4500 |
| 001 - CONTROL NUMBER | |
| control field | 37775 |
| 003 - CONTROL NUMBER IDENTIFIER | |
| rucl marc code | BD-RjUL |
| 005 - DATE AND TIME OF LATEST TRANSACTION | |
| control field | 20211209052643.0 |
| 008 - FIXED-LENGTH DATA ELEMENTS--GENERAL INFORMATION | |
| fixed length control field | 150630s1938 enka b 001 0 eng d |
| 035 ## - SYSTEM CONTROL NUMBER | |
| System control number | (BD-RjUL) 37879 |
| 040 ## - CATALOGING SOURCE | |
| Original cataloging agency | ORX |
| Transcribing agency | ORX |
| Modifying agency | BD-RjUL |
| Language of cataloging | eng |
| 041 ## - LANGUAGE CODE | |
| Language code of text/sound track or separate title | eng |
| 082 0# - DEWEY DECIMAL CLASSIFICATION NUMBER | |
| Classification number | 621.3881 |
| Edition number | 19 |
| Author mark and year | MYT 1938 |
| 100 1# - MAIN ENTRY--PERSONAL NAME | |
| Personal name | Myers, L. M. |
| Fuller form of name | (Leonard Morris), |
| Dates associated with a name | 1903- |
| 9 (RLIN) | 116988 |
| 245 10 - TITLE STATEMENT | |
| Title | Television optics : |
| Remainder of title | an introduction / |
| Statement of responsibility, etc. | by L.M. Myers. |
| 250 ## - EDITION STATEMENT | |
| Edition statement | 2nd ed. |
| 260 ## - PUBLICATION, DISTRIBUTION, ETC. (IMPRINT) | |
| Place of publication, distribution, etc. | London : |
| Name of publisher, distributor, etc. | Pittman, |
| Date of publication, distribution, etc. | 1938. |
| 300 ## - PHYSICAL DESCRIPTION | |
| Pagination | x, 362 p. : |
| Illustrations | ill. ; |
| Size | 22 cm. |
| 500 ## - GENERAL NOTE | |
| General note | Includes index. |
| 504 ## - BIBLIOGRAPHY, ETC. NOTE | |
| Bibliography, etc | Bibliography: p. 343-354. |
| 650 #0 - SUBJECT ADDED ENTRY--TOPICAL TERM | |
| Topical term or geographic name as entry element | Television. |
| 9 (RLIN) | 116989 |
| Topical term or geographic name as entry element | Optics. |
| 9 (RLIN) | 116990 |
| Topical term or geographic name as entry element | Electron optics. |
| 9 (RLIN) | 116991 |
| 942 ## - ADDED ENTRY ELEMENTS (KOHA) | |
| Source of classification or shelving scheme | Dewey Decimal Classification |
| Koha item type | Books |
| Lost status | Source of classification or shelving scheme | Damaged status | Not for loan | Collection code | Permanent Location | Current Location | Shelving location | Date acquired | Source of acquisition | Total Checkouts | Full call number | Date last seen | Copy number | Koha item type |
|---|---|---|---|---|---|---|---|---|---|---|---|---|---|---|
| Dewey Decimal Classification | Non-fiction | Central Library, University of Rajshahi | Central Library, University of Rajshahi | 28/03/1974 | B.N.C.C | 621.3881 MYT 1938 | 29/06/2015 | C-2 | Books |